Az észt parasztság és ábrázolása Anton Hansen Tammsaare műveiben
Elmentve itt :
| Szerző: | |
|---|---|
| További közreműködők: | |
| Dokumentumtípus: | Szakdolgozat |
| Megjelent: |
1980
|
| Tárgyszavak: | |
| Online Access: | http://diploma.bibl.u-szeged.hu/45385 |
| LEADER | 00569nta a2200157 i 4500 | ||
|---|---|---|---|
| 001 | dipl45385 | ||
| 005 | 20141118133234.0 | ||
| 008 | 141114s1980 hu om 0|| zxx d | ||
| 040 | |a SZTE Diploma Repozitórium |b hun | ||
| 041 | |a zxx | ||
| 100 | 1 | |a Árpás Károly | |
| 245 | 1 | 3 | |a Az észt parasztság és ábrázolása Anton Hansen Tammsaare műveiben |h [elektronikus dokumentum] / |c Károly Árpás |
| 260 | |c 1980 | ||
| 650 | 4 | |a Bölcsészettudományok | |
| 700 | 1 | |a Mikola Tibor |e ths | |
| 856 | 4 | 0 | |u http://diploma.bibl.u-szeged.hu/id/eprint/45385/1/1980_arpas_karoly.pdf |z Dokumentum-elérés |